00557nam a2200193 a 4500001001300000003000900013005001700022008004100039020001000080082001700090100003100107245004500138260003100183300000900214500003500223505005100258650002300309700003100332nice12345678IN_TiNIC20260116011909.0050524s0000 viza grp 000 0 ara  ac10000a297.127bASF aAsfahani, Mohd Ibnul Fazal aMufarradaat Fi Ghareebul Quran-Ul-Shaikh aVizagbNo Publisher c0000 a576p aincludes index and biblioraphy2 aAn altogether new interpretation of Revelation aQuran-Hermeneutics1 aAsfahani, Mohd Ibnul Fazal